000 00901nam a22002537a 4500
005 20170123164151.0
010 _aB-028833
020 _c60.00
035 _aB-028833
037 _bCen Lib / Ret
040 _aDPL
_bPN
082 _a854
_bਬਲਦੇ
100 _aਬਲਦੇਵ ਰੱਲਾ
_9126328
245 _aਬਬੀਹਾ ਬੋਲੇ :
_cਬਲਦੇਵ ਰੱਲਾ
_bਨਿਬੰਦ /
246 _aBabeeha bole : essays /
_bby Baldev Ralla
260 _aਮਾਨਸਾ
_bਉੜਾਨ ਪਬਲਿਸ਼ਰਜ਼
_c2000
270 _aਞਾਟਰ ਞਰਕਸਚੋਭ
_bਮਾਨਸਾ
_e151505
300 _a78p.
_c23cm(Hb)
650 _aਪੰਜਾਬੀ ਸਾਹਿਤ
_9126329
650 _aਪੰਜਾਬੀ- ਧਰਮ
_91301
650 _aPunjabi Literature
_9781
650 _aPunjabi-religion
_99921
942 _2ddc
_cPN
_h854
_mਬਲਦੇ
999 _c110364
_d110364